| 000 | 00870nam0a22002651 4500 | ||
|---|---|---|---|
| 001 | rc\2823637 | ||
| 005 | 20110623195136.4 | ||
| 035 | _a(NLR Aleph) 007211559 | ||
| 090 |
_a7670443 _c7670443 |
||
| 100 | _a20110623d1930 |||y0rusy50 ca | ||
| 101 | 0 | _arus | |
| 102 | _aRU | ||
| 105 | _aa z ||||| | ||
| 200 | 1 |
_aДжон Рид _dJohn Reed _fБорис Вальбе |
|
| 210 |
_aЛенинград _cКрасная газета _d1930 _gТип. им. Володарского |
||
| 215 |
_a116, [3] с. _cил. _d18×13 см |
||
| 320 | _aБиблиогр.: "Библиография" (с. 116-117) | ||
| 510 | 0 | 0 | _aJohn Reed |
| 600 | 1 |
_aРид _bД. _f1887-1920 _gДжон |
|
| 700 | 1 |
_aВальбе _bБ. С. _f1889-1966 _gБорис Соломонович |
|
| 801 | 0 |
_aRU _bNLR _gpsbo |
|
| 801 | 1 |
_aRU _bELAR _2rusmarc |
|
| 852 |
_aNLR _j31-1/453 |
||
| 942 | _cBOOK | ||
| 980 | _aNB | ||